Gramática española : (Registro nro. 26383)
[ vista simple ]
| 000 -CABECERA | |
|---|---|
| campo de control de longitud fija | 00664nam a2200193 a 4500 |
| 005 - FECHA Y HORA DE LA ÚLTIMA TRANSACCIÓN | |
| campo de control | 20240601063756.0 |
| 008 - ELEMENTOS DE LONGITUD FIJA--INFORMACIÓN GENERAL | |
| campo de control de longitud fija | 991125s1941 mx 000 0 spa u |
| 035 ## - NÚMERO DE CONTROL DEL SISTEMA | |
| Número de control de sistema | UPN01000026383 |
| 049 ## - COLECCIÓN | |
| Colección | LT |
| 050 #4 - SIGNATURA TOPOGRÁFICA DE LA BIBLIOTECA DEL CONGRESO | |
| Número de clasificación | LB1577 M6.4 |
| Número de documento/Ítem | V4.3 1941 |
| 100 1# - ASIENTO PRINCIPAL--NOMBRE PERSONAL | |
| Nombre de persona | Velarde, Sergio |
| 245 10 - MENCIÓN DE TÍTULO | |
| Título | Gramática española : |
| Resto del título | para cuarto año de enseñanza elemental : primer grado / |
| Mención de responsabilidad, etc. | por Sergio Velarde y Emilio Marín. |
| 250 ## - MENCIÓN DE EDICIÓN | |
| Mención de edición | 5a ed. rev. y mejorada |
| 260 ## - PUBLICACIÓN, DISTRIBUCIÓN, ETC. | |
| Lugar de publicación, distribución, etc. | México : |
| Nombre del editor, distribuidor, etc. | Progreso, |
| Fecha de publicación, distribución, etc. | 1941. |
| 300 ## - DESCRIPCIÓN FÍSICA | |
| Extensión | 232 p., [4] h. de láms. |
| 650 #4 - ASIENTO SECUNDARIO DE MATERIA - TERMINO TEMATICO | |
| Término de materia o nombre geográfico como elemento de entrada | Español |
| Subdivisión general | Gramática |
| -- | Estudio y enseñanza (Elemental) |
| 9 (RLIN) | 13348 |
| 700 1# - ASIENTO SECUNDARIO--NOMBRE DE PERSONAL | |
| Nombre de persona | Marín, Emilio, |
| Término indicativo de función/relación | coaut. |
| 9 (RLIN) | 29130 |
| 905 ## - TIPO DE MATERIAL | |
| Tipo de material | Libro |
| Estado de retiro | Estado de pérdida | Fuente del sistema de clasificación o colocación | Estado dañado | No para préstamo | Código de colección | Localización permanente | Ubicación/localización actual | Ubicación en estantería | Fecha de adquisición | Clasificación | Código de barras | Fecha visto por última vez | Número de copia | Tipo de ítem Koha | Total de préstamos | Precio válido a partir de |
|---|---|---|---|---|---|---|---|---|---|---|---|---|---|---|---|---|
| Library of Congress Classification | Disponible (Préstamo en sala) | Libros de texto | Bib. Gregorio Torres Quintero | Bib. Gregorio Torres Quintero | Colecciones especiales Planta alta | 25/05/2023 | LB1577 M6.4 V4.3 1941 | 1215 | 31/12/2020 | 1 | Libro | |||||
| Library of Congress Classification | Coleccion LT | Libros de texto | Bib. Gregorio Torres Quintero | Bib. Gregorio Torres Quintero | Libros de Texto | 23/03/2022 | LB1577 M6.4 V4.3 1941 | 01214 | 23/03/2022 | Ej. 2 | Libro | 23/03/2022 |